10 Najlepszych strzelców reprezentacji Francji w piłce nożnej - Statystyki

Ogólne statystyki
  • Ten quiz został rozwiązany 41 razy
  • Średni wynik to 7 z 10
Statystyki odpowiedzi
Gole Piłkarz % Poprawnych
51 Thierry Henry
98%
55 Kylian Mbappe
95%
57 Olivier Giroud
80%
31 Zinedine Zidane
80%
41 Michel Platini
78%
37 Karim Benzema
73%
44 Antoine Griezmann
66%
34 David Trezeguet
46%
30 Jean - Pierre Papin
20%
30 Just Fontaine
17%
Nie znaleziono quizów pasujących do podanych kryteriów
Rozkład punktacji
Procent ludzi z każdym wynikiem
Percentyl według liczby udzielonych odpowiedzi
Twoja historia wyników
Nie rozwiązałeś tego quizu